Contrainstitución y grupos /

-д хадгалсан:
Номзүйн дэлгэрэнгүй
Үндсэн зохиолч: Bauleo, Armando (autor)
Формат: Ном
Хэл сонгох:испани
Хэвлэсэн: México : Nuevomar, 1983
Нөхцлүүд:
Шошгууд: Шошго нэмэх
Шошго байхгүй, Энэхүү баримтыг шошголох эхний хүн болох!

MARC

LEADER 00000nam^a2200000^a^4500
001 000011143
005 20250521000000.0
009 20260310083732.543
037 |a Acervo ITESO - Biblioteca 
041 |a ESP 
082 |a 302. 3  |b BAU 
100 |a Bauleo, Armando  |e (autor) 
245 1 0 |a Contrainstitución y grupos /  |c A. Bauleo. 
264 1 |a México :  |b Nuevomar,  |c 1983 
300 |a 133 p. 
336 |a texto  |b txt  |2 rdacontenido 
337 |a sin mediación  |b n  |2 rdamedio 
338 |a volumen  |b nc  |2 rdasoporte 
649 |a XX 
650 |a Grupos Sociales 
910 |a Fondo General 
920 |a Impresos - Libros 
930 |a Colección General 
905 |a 101 
901 |a 0111430100  |b IT1  |c ACC  |i 011143  |u 20250521 
902 |a https://opac.biblio.iteso.mx/vufind/Record/000011143